Signal Man / (Record no. 12018)
[ view plain ]
| 000 -LEADER | |
|---|---|
| fixed length control field | 00403cam a2200169ua 4500 |
| 041 ## - LANGUAGE CODE | |
| Language code of text/sound track or separate title | mal |
| 082 ## - DEWEY DECIMAL CLASSIFICATION NUMBER | |
| Classification number | 894.812301 |
| Item number | KUM/SI |
| 100 ## - MAIN ENTRY--AUTHOR NAME | |
| Personal name | Kumaran Nair, P.M . |
| 245 ## - TITLE STATEMENT | |
| Title | Signal Man / |
| 260 ## - PUBLICATION, DISTRIBUTION, ETC. (IMPRINT) | |
| Place of publication | Calicut : |
| Name of publisher | P K Brothers , |
| Year of publication | 1961. |
| 300 ## - PHYSICAL DESCRIPTION | |
| Number of Pages | 181 ; . |
| 942 ## - ADDED ENTRY ELEMENTS (KOHA) | |
| Koha item type | Books |
| Withdrawn status | Lost status | Damaged status | Home library | Current library | Date acquired | Full call number | Accession Number | Koha item type |
|---|---|---|---|---|---|---|---|---|
| Withdrawn | KAUAET | Sanskrit University | 07/04/2012 | 894.812301 | 1292 | Books |
